Loire-Atlantique - mort subite - Statistiques

Statistiques générales
  • Ce quiz a été pris 49 fois
    6 depuis la dernière actualisation
  • Le résultat moyen est 13 sur 18
Answers on the Grid
Answers color-coded by a green-red scale on the quiz's grid according to % correct below.
Saint-Nazaire
Nanterre
Des flamants roses sauvages
L'ancienne province de Brétagne
La Sèvre Nantaise
ZAD de Notre-Dame-des-Landes
La Baule
Le lieu de naissance de Charles de Gaulle
Une mine de fluor
Carquefou
Nantes
Le lieu de naissance de Charles I d'Angleterre
Îles Éparses
Akure
Saint-Herblain
Châteaubriant
Mateare
Uíge
Stade Atlantique
île de Nantes
Allouez
Couëron
Bassin Caloris
Une zone occupée par La Prussie en 1815
Vertou
Abbaretz
Coclé
Rezé
Des fauvettes babillardes
Serrès
Orvault
Sonsonate
Saint-Sébastien-sur-Loire
Le Marais
La Roche-sur-Foron
Une ville lauréats du prix de la Capitale verte de l'Europe
 
Statistiques - réponses
Réponse % Correct
Carquefou
100%
Une zone à défendre, célèbre pour avoir bloqué la construction d'un aéroport, occupée par des agriculteurs, des militants et des néo-ruraux
ZAD de Notre-Dame-des-Landes
100%
La Baule
100%
L'ancienne province de Brétagne
100%
Nantes
100%
Saint-Nazaire
100%
Châteaubriant
67%
Nantes Métropole Couëron
67%
île de Nantes
67%
Banlieue de Nantes Orvault
67%
Banlieue de Nantes Rezé
67%
Banlieue de Nantes Saint-Herblain
67%
Banlieue de Nantes Saint-Sébastien-sur-Loire
67%
Nantes Une ville lauréats du prix de la Capitale verte de l'Europe
67%
Banlieue de Nantes Vertou
67%
Abbaretz
33%
La Sèvre Nantaise
33%
Une zone occupée par La Prussie en 1815
0%
Aucun quiz correspondant
Distribution des résultats
% des personnes avec chaque résultat
Percentile par nombre de réponses
Votre historique - résultats
Vous n’avez pas pris ce quiz depuis la dernière actualisation